یگانہ : شخص اور شاعری / (Record no. 171586)

MARC details
000 -LEADER
fixed length control field 00601nam a22001937a 4500
005 - DATE AND TIME OF LATEST TRANSACTION
control field 20200115160433.0
010 ## - LCCN (DPL NO)
LC control number A-644478
020 ## - INTERNATIONAL STANDARD BOOK NUMBER
Terms of availability 15.00
035 ## - SYSTEM CONTROL NUMBER
System control number A-644478
037 ## - SOURCE OF ACQUISITION
Source of stock number/acquisition BPPD/Pub.
082 ## - DEWEY DECIMAL CLASSIFICATION NUMBER
Classification number 841.08
100 ## - MAIN ENTRY--PERSONAL NAME
Personal name ممتاز حسین
245 ## - TITLE STATEMENT
Title یگانہ : شخص اور شاعری /
Statement of responsibility, etc ممتاز حسین
246 ## - VARYING FORM OF TITLE
Title proper/short title Yagana: Shakhs Aur Shayri (Urdu) /
Remainder of title by Mumtaz Haseen
260 ## - PUBLICATION, DISTRIBUTION, ETC. (IMPRINT)
Name of publisher, distributor, etc Educational Publishing House
Date of publication, distribution, etc ء1988
Place of publication, distribution, etc New Delhi
270 ## - ADDRESS
Address 2060, Daryaganj
City New Delhi
Postal code 110002
300 ## - PHYSICAL DESCRIPTION
Extent 128p.
Dimensions 19cm(Hb)
942 ## - ADDED ENTRY ELEMENTS (KOHA)
Source of classification or shelving scheme Dewey Decimal Classification
Item type Urdu Bks
Classification part 841.08
Call number suffix و ا ج
Holdings
Withdrawn status Lost status Not for loan Collection code Home library Current library Date acquired Source of acquisition Cost, normal purchase price Full call number Barcode Copy number Cost, replacement price Koha item type
      Non-fiction Central Library Central Library 15/01/2020 BPPD/Ven. 15.00 841.08 و ا ج A-644478 1 15.00 Urdu Bks

© Delhi Public Library
Hit Counter
free hit counter